000 00720nam a22001937a 4500
003 BD-DhUL
005 20160829115340.0
008 160829s1957 i ||||| |||| 001 0 b d
040 _aBD-DhUL
_cBD-DhUL
082 _a907.2
_bATL
100 1 _aগুপ্ত, অতুলচন্দ্র
245 1 0 _aইতিহাসের মুক্ত /
_cঅতুলচন্দ্র গুপ্ত
260 _aকলিকাতা :
_bবিশ্বভারতী গ্রন্থালয়,
_cc ১৯৫৭
300 _a১১১ পৃঃ :
_c১৪ সে. মি.
500 _aনির্ঘন্ট সংবলিত
650 0 _aইতিহাস
650 0 _aHistory
942 _2ddc
_cBK
999 _c102228
_d102228